College chemistry
The book is designed as a tool to help student sharpen his problem-solving skills in chemistry. Each chapter covers a single topic, whose fundamental principles are broken down in outline form for easy reference. Each chapter also contains a Summary and a Raise Your Grades section, which give an opp...
Đã lưu trong:
| Tác giả chính: | |
|---|---|
| Định dạng: | Sách |
| Ngôn ngữ: | Undetermined |
| Được phát hành: |
New York
Harcourt Brace Jovanovich
1984
|
| Những chủ đề: | |
| Các nhãn: |
Thêm thẻ
Không có thẻ, Là người đầu tiên thẻ bản ghi này!
|
| Thư viện lưu trữ: | Trung tâm Học liệu Trường Đại học Cần Thơ |
|---|
| LEADER | 01041nam a2200181Ia 4500 | ||
|---|---|---|---|
| 001 | CTU_16487 | ||
| 008 | 210402s9999 xx 000 0 und d | ||
| 082 | |a 540 | ||
| 082 | |b G618 | ||
| 100 | |a Harold Goldwhite | ||
| 245 | 0 | |a College chemistry | |
| 245 | 0 | |c Harold Goldwhite, John R Spielman | |
| 260 | |a New York | ||
| 260 | |b Harcourt Brace Jovanovich | ||
| 260 | |c 1984 | ||
| 520 | |a The book is designed as a tool to help student sharpen his problem-solving skills in chemistry. Each chapter covers a single topic, whose fundamental principles are broken down in outline form for easy reference. Each chapter also contains a Summary and a Raise Your Grades section, which give an opportunity to review the primary principles of a topic and the problem-solving techniques implicit in those principles. The solution to any problem in chemistry requires six procedures: 1) Understanding. 2) Analyzing. 3) Planning. 4) Executing. 5) Checking. 6) Reporting | ||
| 650 | |a chemistry | ||
| 980 | |a Trung tâm Học liệu Trường Đại học Cần Thơ | ||